Science Quiz

Random Science or Geology Quiz

Click the Layers of Earth & Atmosphere Quiz Stats

Quiz Updated Jan 19, 2016

Challenge
Share
Tweet
Score 0/9 Timer 02:00
1 Play Today
% Correct
Inner Core
90.4%
Crust
88.5%
Mantle
84.4%
Exosphere
80.7%
Outer Core
80.4%
Mesosphere
68.7%
Thermosphere
62.5%
Troposphere
56%
Stratosphere
49.6%

You're not logged in!

Compare scores with friends on all Sporcle quizzes.
Sign Up with Email
OR
Log In

You Might Also Like...

Show Comments

Extras

Top Quizzes Today


Score Distribution

Your Account Isn't Verified!

In order to create a playlist on Sporcle, you need to verify the email address you used during registration. Go to your Sporcle Settings to finish the process.